| 000 | 02323nam a22003493u 4500 | ||
|---|---|---|---|
| 001 | drd-23758116 | ||
| 003 | Dreier | ||
| 005 | 20260218125204.0 | ||
| 007 | cr|||||||||||| | ||
| 008 | 251118b |||||||| |||| 00| 0 ger d | ||
| 020 |
_a9781782382973 _9978-1-78238-297-3 |
||
| 040 | _cRU-10907106 | ||
| 041 | _aeng | ||
| 100 | 1 |
_aMühlfried, Florian _4aut _eAuthor _967611 |
|
| 245 | 1 | 0 |
_aBeing a State and States of Being in Highland Georgia _cFlorian Mühlfried |
| 264 |
_aOxford _bBerghahn Books _c2014 |
||
| 300 | _a264 Seiten | ||
| 336 |
_aText _btxt _2rdacontent |
||
| 337 |
_aComputermedien _bc _2rdamedia |
||
| 338 |
_aOnline-Ressource _bcr _2rdacarrier |
||
| 500 | _aE-Book / Zugriff nur im Lesesaal | ||
| 505 | _aList of IllustrationsList of MapsList of TablesAcknowledgementsNote on TranscriptionIntroductionChapter 1. A Mobile FieldChapter 2. Hidden Treasures in the Mountains and a State that Comes and GoesChapter 3. Reborn Citizens in a Post- Soviet LandscapeChapter 4. Three Ways to Be a StateChapter 5. Triple Winning and Simple LosingConclusionAppendixBibliographyIndex | ||
| 520 | _aThe highland region of the republic of Georgia, one of the former Soviet Socialist Republics, has long been legendary for its beauty. It is often assumed that the state has only made partial inroads into this region, and is mostly perceived as alien. Taking a fresh look at the Georgian highlands allows the author to consider perennial questions of citizenship, belonging, and mobility in a context that has otherwise been known only for its folkloric dimensions. Scrutinizing forms of identification with the state at its margins, as well as local encounters with the erratic Soviet and post-Soviet state, the author argues that citizenship is both a sought-after means of entitlement and a way of guarding against the state. This book not only challenges theories in the study of citizenship but also the axioms of integration in Western social sciences in general. | ||
| 650 |
_aHochland _967617 |
||
| 650 | _aGesellschaft | ||
| 650 | _aKultur | ||
| 650 | _aNationalbewusstsein | ||
| 651 | _aGeorgien | ||
| 776 | 0 | 8 |
_iPrint Version _tBeing a State and States of Being in Highland Georgia _w77119708X |
| 856 |
_zVolltext _uhttps://doi.org/10.1515/9781782382973 |
||
| 942 |
_cEB _2z |
||
| 999 |
_c73188 _d73188 |
||